| 000 | 00813nam a2200217Ia 4500 | ||
|---|---|---|---|
| 003 | OSt | ||
| 005 | 20250131143123.0 | ||
| 008 | 210210b2000 xxu||||| |||| 00| 0 eng d | ||
| 020 | _a81 7667 055 3 | ||
| 040 | _cAL | ||
| 041 | _dhin | ||
| 082 | _aH891.9 MAHS | ||
| 100 |
_aMAHESHVARI (Suresh) _9196708 |
||
| 110 |
_bमाहेश्वरी (सुरेश) _9196709 |
||
| 245 |
_aSvatantryottar hindi bhasha sahity: pachasottar hindi sahity ka prastavan _bस्वतंत्रोत्तर हिंदी भाषा साहित्य: पचस्तोत्तार हिंदी साहित्य का प्रस्थावान |
||
| 260 |
_aDilli _bBhavna Prakashan _c2000 |
||
| 300 | _a206 | ||
| 690 |
_aHindi Criticism _9196710 |
||
| 906 | _a061356 | ||
| 942 |
_2ddc _cBK |
||
| 999 |
_c108157 _d108157 |
||